Statistics for Mark Twain - Speed Typing Test 4

Click here to take the quiz!

General Stats

  • This quiz has been taken 29 times
  • The average score is 8 of 10

Answer Stats

PassageCopy% Correct
But who prays for Satan? Who, in eighteen centuries, has had the common humanity to pray for the one sinner that needed it most?But who prays for Satan? Who, in eighteen centuries, has had the common humanity to pray for the one sinner that needed it most?
95%
The difference between the almost right word and the right word is really a large matter. ’tis the difference between the lightning bug and the lightning.The difference between the almost right word and the right word is really a large matter. ’tis the difference between the lightning bug and the lightning.
95%
The history of our race, and each individual’s experience, are sown thick with evidence that a truth is not hard to kill and that a lie told well is immortal.The history of our race, and each individual’s experience, are sown thick with evidence that a truth is not hard to kill and that a lie told well is immortal.
95%
They said they would rather be outlaws a year in Sherwood Forest than President of the United States forever.They said they would rather be outlaws a year in Sherwood Forest than President of the United States forever.
95%
I thoroughly disapprove of duels. If a man should challenge me, I would take him kindly and forgivingly by the hand and lead him to a quiet place and kill him.I thoroughly disapprove of duels. If a man should challenge me, I would take him kindly and forgivingly by the hand and lead him to a quiet place and kill him.
89%
I was sorry to have my name mentioned as one of the great authors, because they have a sad habit of dying off. Chaucer is dead, Spencer is dead, so is Milton, so is Shakespeare, and I’m not feeling so well myself.I was sorry to have my name mentioned as one of the great authors, because they have a sad habit of dying off. Chaucer is dead, Spencer is dead, so is Milton, so is Shakespeare, and I’m not feeling so well myself.
84%
When I was a boy of 14, my father was so ignorant I could hardly stand to have the old man around. But when I got to be 21, I was astonished at how much the old man had learned in seven years.When I was a boy of 14, my father was so ignorant I could hardly stand to have the old man around. But when I got to be 21, I was astonished at how much the old man had learned in seven years.
74%
In the beginning of a change the patriot is a scarce man, and brave, and hated and scorned. When his cause succeeds, the timid join him, for then it costs nothing to be a patriot.In the beginning of a change the patriot is a scarce man, and brave, and hated and scorned. When his cause succeeds, the timid join him, for then it costs nothing to be a patriot.
58%
Travel is fatal to prejudice, bigotry, and narrow-mindedness, and many of our people need it sorely on these accounts. Broad, wholesome, charitable views of men and things cannot be acquired by vegetating in one little corner of the earth all one's lifetime.Travel is fatal to prejudice, bigotry, and narrow-mindedness, and many of our people need it sorely on these accounts. Broad, wholesome, charitable views of men and things cannot be acquired by vegetating in one little corner of the earth all one's lifetime.
58%
We have not the reverent feeling for the rainbow that the savage has, because we know how it is made. We have lost as much as we gained by prying into that matter.We have not the reverent feeling for the rainbow that the savage has, because we know how it is made. We have lost as much as we gained by prying into that matter.
42%

Score Distribution

Percentile by Number Answered

Percent of People with Each Score

Your Score History

You have not taken this quiz